| Tag |
First Indicator |
Second Indicator |
Subfields |
| LEADER |
00000cem a2200000 a 4500 |
| 001 |
in00001403478 |
| 005 |
20151020055530.0 |
| 007 |
aj canzn |
| 008 |
970912s1996 flubg bd a 1 eng |
| 010 |
|
|
|a 97682957
|
| 017 |
|
|
|a VA 833-828
|b U.S. Copyright Office
|
| 034 |
1 |
|
|a a
|b 50000000
|d W1800000
|e E1800000
|f N0800000
|g S0620000
|
| 035 |
|
|
|a (OCoLC)37836993
|
| 035 |
|
|
|9 AHN4727AM
|
| 040 |
|
|
|a DLC
|c DLC
|d TXA
|d UtOrBLW
|
| 049 |
|
|
|a TXAC
|
| 050 |
0 |
0 |
|a G3201.A5 1996
|b .G3
|
| 052 |
|
|
|a 3201
|
| 072 |
|
7 |
|a A5
|2 lcg
|
| 110 |
2 |
|
|a Gabelli US Inc.
|
| 245 |
1 |
4 |
|a The world of islands.
|
| 255 |
|
|
|a Scale [ca. 1:50,000,000]. At equator ;
|b Mercator proj.
|c (W 180⁰--E 180⁰/N 80⁰--S 62⁰).
|
| 264 |
|
1 |
|a Miami Beach, FL :
|b Gabelli US Inc.,
|c [1996]
|
| 264 |
|
4 |
|c ©1996
|
| 300 |
|
|
|a 1 map :
|b color ;
|c 46 x 85 cm.
|
| 336 |
|
|
|a cartographic image
|b cri
|2 rdacontent
|
| 337 |
|
|
|a unmediated
|b n
|2 rdamedia
|
| 338 |
|
|
|a sheet
|b nb
|2 rdacarrier
|
| 500 |
|
|
|a Pictorial map.
|
| 500 |
|
|
|a Relief shown by shading, gradient tints, and spot heights.
|
| 500 |
|
|
|a Includes insets of Mediterranean region and West Indies, index to islands, and col. ill.
|
| 500 |
|
|
|a Cartographic material.
|
| 650 |
|
0 |
|a World maps, Pictorial.
|
| 650 |
|
0 |
|a Islands
|x Maps, Pictorial.
|
| 948 |
|
|
|a c:JLG
|
| 999 |
|
|
|a MARS
|
| 999 |
f |
f |
|s 14180e45-e0d9-3fcb-a163-ee73e7fc3c20
|i 0782daad-abee-33f4-95fc-8fc59a8be56e
|t 0
|
| 952 |
f |
f |
|p normal
|a Texas A&M University
|b College Station
|c Sterling C. Evans Library
|d Evans: Maps (2nd floor)
|t 0
|e G3201.A5 1996 .G3
|h Library of Congress classification
|i unmediated -- sheet
|m A14822464748
|
| 998 |
f |
f |
|a G3201.A5 1996 .G3
|t 0
|l Evans: Maps (2nd floor)
|